000 00797cam a2200205 4500
001 WB3619-36
008 000000n2000 000 0 eng u
035 _a(Sirsi) u105981
245 _aMinisters must 'hasten advances' in city life
260 _c2000
490 _aFinancial Times
_v 16 May 2000, 10(1)
520 _aMembers of the government's urban task voice concerns about Whitehall's commitment to improving the quality of city life. A single public service agreement on the urban renaissance is called for, to ensure the spending plans of all government departments reflect urban priorities.
590 _aWB
650 _aURBAN RENEWAL
650 _aTOWARDS AN URBAN RENAISSANCE
650 _aURBAN TASKFORCE
650 _aLORD ROGERS
690 _aREGENERATION
942 _n0
999 _c63463
_d63463